[Event "RUS-ch"]
[Site "Elista"]
[Date "1995.??.??"]
[Round "8"]
[White "Daniliuk, Sergey"]
[Black "Goldin, Alexander"]
[Result "0-1"]
[WhiteElo "2390"]
[BlackElo "2585"]

1.e4 c5 2.c3 d6 3.d4 Nf6 4.Bd3 g6 5.Nf3 Bg7 6.O-O O-O 7.h3 Nbd7 8.Re1 e5
9.dxe5 dxe5 10.a4 b6 11.a5 Bb7 12.Nbd2 Qc7 13.Qc2 Bc6 14.b4 b5 15.c4 a6 16.Bb2 Rfe8
17.Rec1 Bf8 18.cxb5 axb5 19.Nb3 Bh6 20.Nxc5 Bxc1 21.Nxd7 Nxd7 22.Rxc1 Qd6
23.Qxc6 Qxd3 24.Nxe5 Nxe5 25.Bxe5 Qd2 26.Rb1 Qa2 27.Rc1 Qd2 28.Rb1 Qa2 29.Rd1 Qe2
30.Ra1 Qh5 31.f4 Rac8 32.Qxb5 Red8 33.Qb6 Kf8 34.Qf6 Qe2 35.Bd6+ Kg8 36.Be5 Kf8
37.Qh8+ Ke7 38.Bf6+ Kd7 39.Bxd8 Rc2 40.Qd4+ Kc8 41.Qc5+ Rxc5 42.bxc5 Kxd8
43.a6 Qb2 44.Rd1+ Kc7 45.Kh2 Qf6 46.a7 Qxf4+ 47.Kh1 Kb7 48.Rd7+ Ka8 49.c6 Qc1+
50.Kh2 Qxc6 51.Rxf7 Qd6+ 52.Kh1 h5 53.Rh7 Qe5 54.Rf7 Qxe4 55.Rh7 Qd5 56.Kh2 Qd6+
57.Kh1 g5  0-1

[Event "RUS-ch"]
[Site "Elista"]
[Date "1995.??.??"]
[Round "9"]
[White "Goldin, Alexander"]
[Black "Lugovoi, Aleksei"]
[Result "1/2-1/2"]
[WhiteElo "2585"]
[BlackElo "2490"]

1.c4 Nf6 2.Nf3 e6 3.g3 a6 4.Bg2 b5 5.b3 Bb7 6.Nc3 c5 7.cxb5 axb5 8.Nxb5 d5
9.O-O Nc6 10.d3 Be7 11.Nc3 O-O 12.d4 Qa5 13.Bb2 cxd4 14.Nxd4 Qb6 15.Nf3 Rfb8
16.Rb1 Ba6 17.Na4 Qb5 18.Re1 Bb4 19.Bc3 Ne4 20.Bxb4 Qxb4 21.Qc2 Bb5 22.Rec1 Qa3
23.Nc3 Nxc3 24.Qxc3 Nb4 25.Qe5 Rc8 26.Rxc8+ Rxc8 27.Bf1 Qxa2 28.Rc1 Qa6 29.Rxc8+ Qxc8
30.Qd6 Nc6 31.Qc5 Qa6  1/2-1/2

[Event "RUS-ch"]
[Site "Elista"]
[Date "1995.??.??"]
[Round "10"]
[White "Kalegin, Evgenij"]
[Black "Goldin, Alexander"]
[Result "1/2-1/2"]
[WhiteElo "2475"]
[BlackElo "2585"]

1.e4 c5 2.Nf3 Nc6 3.Bb5 g6 4.Bxc6 dxc6 5.h3 e5 6.d3 f6 7.O-O Nh6 8.Be3 Nf7
9.c3 g5 10.d4 cxd4 11.cxd4 g4 12.hxg4 Bxg4 13.Nbd2 Rg8 14.Qb3 Qd7 15.dxe5 Be6
16.Qc3 fxe5 17.Rfd1 Qc7 18.Rac1 Bh3 19.g3 Bg4 20.Kg2 h5 21.Rh1 Be7 22.Bc5 Bf6
23.b4 b6 24.Be3 Rc8 25.a4 Qd7 26.Nh4 Nd6 27.Rce1 Qh7 28.a5 Qb7 29.axb6 axb6
30.Qb3 Rg7 31.Nc4 Nxc4 32.Qxc4 Bxh4 33.Rxh4 Qf7 34.Qc3 Qf3+ 35.Kg1 Re7 36.Qa1 Rb8
37.Bg5 Re6 38.Qa7 Rc8 39.Qb7 Rd8 40.Bxd8 Kxd8 41.Qxb6+ Ke7 42.Qc5+ Kf7 43.Qc4 Kg7
44.Re3 Qf6 45.Kg2 Qf8 46.Qc5 Qd8 47.Ra3 Kg6 48.Rh1 Rf6 49.b5 cxb5 50.Rha1 Qd2
51.Ra6 Be6 52.Qe3 Qxe3 53.fxe3 b4 54.Kg1 b3 55.Rb6 Bc4 56.Rxf6+ Kxf6 57.Ra4 Bd3
58.Rb4 Bc2 59.Kf2 Kg5 60.Rb8 Kg4 61.Rb5 Kh3 62.Rb4 Kh2 63.Rb6 Kh3 64.Rb8 Kg4
65.Kg2 Bxe4+ 66.Kf2 Bc2 67.Rb6 e4 68.Kg2 h4 69.gxh4 Kxh4 70.Kf2 Kg4 71.Ke2 Kg3
72.Kd2 Kf3 73.Rb8 Kg3 74.Kc1 Kg2  1/2-1/2

[Event "RUS-ch"]
[Site "Elista"]
[Date "1995.??.??"]
[Round "11"]
[White "Goldin, Alexander"]
[Black "Frog, Ilya"]
[Result "1-0"]
[WhiteElo "2585"]
[BlackElo "2295"]

1.d4 d5 2.c4 dxc4 3.e4 Nf6 4.e5 Nd5 5.Bxc4 Nb6 6.Bb3 Nc6 7.Ne2 Bf5 8.Nbc3 e6
9.a3 Be7 10.O-O Qd7 11.Be3 Rd8 12.Ba2 O-O 13.h3 Kh8 14.f4 Na5 15.Qc1 Bd3
16.b4 Nac4 17.Bf2 a5 18.Rd1 Bg6 19.d5 axb4 20.axb4 Ra8 21.Bxb6 Nxb6 22.dxe6 Qe8
23.exf7 Bxf7 24.Bxf7 Qxf7 25.Rxa8 Rxa8 26.Nb5 Rc8 27.Na7 Rd8 28.Rxd8+ Bxd8
29.Nb5 g5 30.fxg5 Nd5 31.Nbd4 Nxb4 32.e6 Qf8 33.Qe3 Qg7 34.h4 Nd5 35.Qf3 c6
36.Kh2 Bb6 37.g3 Bc7 38.Nf5 Qg6 39.Nh6 Kg7 40.Nd4 Ne7 41.Ndf5+ Kf8 42.Nd6+  1-0

[Event "Las Vegas op 5'"]
[Site "Las Vegas"]
[Date "1995.??.??"]
[Round "6"]
[White "Goldin, Alexander"]
[Black "Hodgson, Julian M"]
[Result "0-1"]
[WhiteElo "2580"]
[BlackElo "2615"]

1.d4 d6 2.c4 e5 3.Nf3 e4 4.Ng5 Nf6 5.Nc3 Bf5 6.Qc2 Bg6 7.Ngxe4 Nxe4 8.Nxe4 d5
9.Qa4+ b5 10.Qxb5+ c6 11.Qb7 dxe4 12.Qxa8 Bb4+ 13.Bd2 Bxd2+ 14.Kxd2 Qxd4+
15.Ke1 Qxb2 16.Rd1 Qb4+ 17.Rd2 e3 18.fxe3 O-O 19.a3 Qb6 20.c5 Qxc5 21.Qb7 Qc1+
22.Rd1 Qxe3 23.Qb2 h6 24.Qd4 Qxa3 25.g3 c5 26.Qd6 Be4 27.Rg1 Qe3 28.Qf4 Qxg1
29.Qxe4 Qxh2 30.Qf3 Qg1 31.Rd5 Nc6 32.Rxc5  0-1

[Event "Las Vegas op 5'"]
[Site "Las Vegas"]
[Date "1995.??.??"]
[Round "6"]
[White "Hodgson, Julian M"]
[Black "Goldin, Alexander"]
[Result "1-0"]
[WhiteElo "2615"]
[BlackElo "2580"]

1.d4 d5 2.Bg5 Nd7 3.c4 dxc4 4.Nc3 c6 5.a4 Ngf6 6.e4 e5 7.dxe5 Qa5 8.exf6 Qxg5
9.Nf3 Qxf6 10.Bxc4 Bb4 11.O-O O-O 12.a5 Ne5 13.Nxe5 Qxe5 14.Qb3 Bc5 15.Kh1 Rb8
16.f4 Qe7 17.e5 Bf5 18.Rae1 b5 19.axb6 Rxb6 20.Qa2 Bd4 21.e6 fxe6 22.Bxe6+ Bxe6
23.Rxe6 Qf7 24.Ne4 Rxb2 25.Qc4 Rc2 26.Qxc2 Qxe6 27.Ng5 Qf5 28.Qc4+ Qd5 29.Qxd5+ cxd5
30.Ne6 Bb6 31.Nxf8 Kxf8 32.Rd1 d4 33.g3 Ke7 34.Kg2 Kd6 35.Kf3 Kd5 36.Re1 a5
37.Ke2 Kc4 38.Rc1+ Kb4 39.Rb1+ Kc5 40.Kd3 a4 41.Rc1+ Kb4 42.Rc6 Bc5 43.Rc7 a3
44.Rb7+ Ka4 45.Kc4 a2 46.Kxc5 d3 47.Kc4 d2 48.Ra7+  1-0

[Event "Novosibirsk"]
[Site "Novosibirsk"]
[Date "1995.??.??"]
[Round "1"]
[White "Ehlvest, Jaan"]
[Black "Goldin, Alexander"]
[Result "1-0"]
[WhiteElo "2630"]
[BlackElo "2585"]

1.e4 c5 2.Nf3 Nc6 3.Bb5 g6 4.O-O Bg7 5.Bxc6 dxc6 6.h3 e5 7.d3 Qe7 8.a3 Nf6
9.Nbd2 O-O 10.b4 Nd7 11.Nc4 b6 12.Bb2 Ba6 13.Nfd2 Bxc4 14.Nxc4 b5 15.Ne3 Nb6
16.Bc3 Na4 17.Bd2 Rfd8 18.Qe2 Rd7 19.Rfd1 Rad8 20.Rab1 Qe6 21.Be1 f5 22.exf5 gxf5
23.Qh5 Rf7 24.Nf1 Qg6 25.Qf3 h5 26.Bd2 Re8 27.Re1 e4 28.dxe4 fxe4 29.Qg3 Qf5
30.Be3 cxb4 31.axb4 Kh7 32.Rb3 Be5 33.Qg5 Qxg5 34.Bxg5 Bd4 35.Be3 Bc3 36.Rd1 Re6
37.Ng3 Kg6 38.Ne2 Be5 39.g3 Rf3 40.h4 a6 41.Rd8 Nb2 42.Nd4 Bxd4 43.Bxd4 Rxb3
44.cxb3 Nd3 45.Rg8+ Kh6 46.Rh8+ Kg6 47.Rg8+ Kh6 48.Kf1 Nxb4 49.Be3+ Kh7 50.Rg5 Nd5
51.Rxh5+ Kg8 52.Bd4 e3 53.fxe3 Nxe3+ 54.Kf2 Nc2 55.Bb2 a5 56.Rh8+ Kf7 57.h5 Nb4
58.Rd8 a4 59.bxa4 bxa4 60.g4 Ke7 61.Rd2 Nd5 62.Rd4 Rf6+ 63.Kg3 Rf1 64.Rxa4 Rb1
65.Bd4 Rd1 66.Kh4 Kf7 67.Kg5 Ne7 68.Rc4 Ng8 69.Bh8 Rd5+ 70.Kh4 c5 71.Rf4+ Ke7
72.Bg7 Rd1 73.Bf8+  1-0

[Event "Novosibirsk"]
[Site "Novosibirsk"]
[Date "1995.??.??"]
[Round "5"]
[White "Ruban, Vadim"]
[Black "Goldin, Alexander"]
[Result "1/2-1/2"]
[WhiteElo "2535"]
[BlackElo "2585"]

1.d4 Nf6 2.c4 e6 3.Nf3 Bb4+ 4.Bd2 Qe7 5.g3 Nc6 6.Nc3 Bxc3 7.Bxc3 Ne4 8.Rc1 O-O
9.Bg2 d6 10.O-O e5 11.d5 Nb8 12.Be1 a5 13.Nd2 Nxd2 14.Bxd2 Nd7 15.Rc3 b6
16.Re3 f5 17.f4 e4 18.g4 Nc5 19.gxf5 Bxf5 20.b3 Rf6 21.Rg3 Rg6 22.Rxg6 hxg6
23.Be3 Nd7 24.Qd4 Kf7 25.Bf2 Rh8 26.Rc1 Nf6 27.Rc3 Ng4 28.Bg3 Rh5 29.a3 Qe8
30.h3 Nf6 31.Bf2 Qd7 32.Qe3 a4 33.b4 b5 34.h4 bxc4 35.Qd4 Qb5 36.Rxc4 Nxd5
37.Bxe4 Bxe4 38.Qxe4 Rf5 39.e3 Rf6 40.Qd4 c6 41.Qa7+ Ne7 42.Rd4 Re6 43.Rd2 d5
44.Kg2 Re4 45.Rc2 Kg8 46.h5 gxh5 47.Qd7 Kf7 48.Rc5 Qe2 49.Rxc6 Rxe3 50.Rc8 Re6
51.Qe8+ Kf6 52.Rc3 h4 53.Kg1 Qg4+ 54.Kf1 Qd1+ 55.Kg2 Qg4+ 56.Kf1 Nf5 57.Qd8+ Kg6
58.Qxd5 Qe2+ 59.Kg1 Qg4+ 60.Qg2 Kh5 61.Qxg4+ Kxg4 62.Rc2 Rd6 63.b5 Rd1+ 64.Kg2 Rb1
65.b6 Rb3 66.Kh2 h3 67.Rd2 g6 68.Rc2 Rxa3 69.Rb2 Nd6 70.Bc5 Rb3 71.Rxb3 axb3
72.Ba3 Nb7 73.Bc1 Na5 74.Bb2 Nb7 75.Bc1 Nc5 76.Ba3 Kxf4 77.Kxh3 Ke4 78.Kg4 Kd5
79.Kg5 Kc6 80.Kxg6 Kxb6 81.Bb2 Kb5 82.Kf5 Kc4 83.Bh8 Kd3 84.Bb2 Ne4 85.Ke5 Nd2
86.Kd5 Nc4 87.Bh8 Ne3+ 88.Kc5 Kc2 89.Kb4 Nd5+ 90.Kc4  1/2-1/2

[Event "Novosibirsk"]
[Site "Novosibirsk"]
[Date "1995.??.??"]
[Round "6"]
[White "Goldin, Alexander"]
[Black "Vyzmanavin, Alexey"]
[Result "1/2-1/2"]
[WhiteElo "2585"]
[BlackElo "2605"]

1.d4 f5 2.Nf3 Nf6 3.g3 g6 4.b3 Bg7 5.Bb2 O-O 6.Bg2 d6 7.O-O Na6 8.Nbd2 c6
9.a3 Nc7 10.c4 a5 11.Qc2 Bd7 12.Rfe1 b5 13.Rac1 bxc4 14.bxc4 a4 15.Bc3 Qb8
16.Rb1 Qa7 17.Rb2 Rab8 18.Reb1 Ne6 19.e3 c5 20.d5 Nc7 21.Ne1 Na6 22.Nd3 Rxb2
23.Rxb2 Rb8 24.e4 fxe4 25.Nxe4 Bf5 26.f3 Nc7 27.h3 Rb3 28.Bxf6 Bxf6 29.Nxf6+ exf6
30.Rxb3 axb3 31.Qxb3 Nxd5 32.Nf2 Nb6 33.g4 Be6 34.Ne4 Nd7 35.Nxd6 Qc7 36.Ne4 Qf4
37.Qc3 f5 38.gxf5 gxf5 39.Qd2 Qe5 40.Qg5+ Kf7 41.Qh5+ Kg7  1/2-1/2

[Event "Novosibirsk"]
[Site "Novosibirsk"]
[Date "1995.??.??"]
[Round "7"]
[White "Khalifman, Alexander"]
[Black "Goldin, Alexander"]
[Result "1/2-1/2"]
[WhiteElo "2655"]
[BlackElo "2585"]

1.d4 Nf6 2.c4 e6 3.Nf3 Bb4+ 4.Bd2 Qe7 5.g3 Nc6 6.Nc3 Bxc3 7.Bxc3 Ne4 8.Qc2 Nxc3
9.Qxc3 Qb4 10.Qxb4 Nxb4 11.Kd2 d6 12.Bg2 Bd7 13.a3  1/2-1/2

[Event "Novosibirsk"]
[Site "Novosibirsk"]
[Date "1995.??.??"]
[Round "9"]
[White "Makarov, Marat"]
[Black "Goldin, Alexander"]
[Result "1/2-1/2"]
[WhiteElo "2520"]
[BlackElo "2585"]

1.d4 d5 2.c4 e6 3.Nc3 Be7 4.Nf3 Nf6 5.Bg5 h6 6.Bxf6 Bxf6 7.e3 O-O 8.Rc1 c6
9.Bd3 Nd7 10.O-O dxc4 11.Bxc4 e5 12.h3 exd4 13.exd4 Nb6 14.Bb3 a5 15.a3 Re8
16.Re1 Bf5 17.Rxe8+ Qxe8 18.Qd2 Qd7 19.Re1 Re8  1/2-1/2

[Event "Novosibirsk"]
[Site "Novosibirsk"]
[Date "1995.??.??"]
[Round "10"]
[White "Smirin, Ilia"]
[Black "Goldin, Alexander"]
[Result "1/2-1/2"]
[WhiteElo "2630"]
[BlackElo "2585"]

1.e4 e5 2.Nf3 Nc6 3.Bb5 a6 4.Ba4 Nf6 5.O-O Be7 6.Re1 b5 7.Bb3 d6 8.c3 O-O
9.h3 Re8 10.d4 Bb7 11.Nbd2 Bf8 12.a4 Qd7 13.d5 Ne7 14.c4 Ng6 15.Bc2 c6 16.b3 Qc7
17.Nf1 bxc4 18.bxc4 a5 19.Ng3 Ba6 20.Bd3 Rec8 21.Be3 Rab8 22.Rc1 Nd7 23.Nf5 Qd8
24.Bf1 Nc5 25.Bxc5 dxc5 26.g3 cxd5 27.cxd5 Bxf1 28.Kxf1 c4 29.d6 Rb6 30.Qd2 Bxd6
31.Red1 Qf6 32.Nxd6 Rd8 33.Qxa5 Rbxd6 34.Rxd6 Rxd6 35.Kg2 Rd3 36.Ne1 Rd4
37.Nc2 Rd3 38.Ne3 h6 39.Rxc4 Qg5 40.Rc2 Kh7 41.Qc7 Nh4+ 42.Kf1 Rxe3 43.fxe3 Qxg3
44.Ke2 Nf3 45.Rc5 Qe1+ 46.Kxf3  1/2-1/2

[Event "Novosibirsk"]
[Site "Novosibirsk"]
[Date "1995.??.??"]
[Round "11"]
[White "Goldin, Alexander"]
[Black "Beliavsky, Alexander G"]
[Result "1/2-1/2"]
[WhiteElo "2585"]
[BlackElo "2650"]

1.d4 Nf6 2.c4 c5 3.d5 b5 4.cxb5 a6 5.bxa6 g6 6.Nc3 Bxa6 7.e4 Bxf1 8.Kxf1 d6
9.g3 Bg7 10.Kg2 O-O 11.Nf3 Nbd7 12.h3 Ra6 13.Re1 Qa8 14.Re2 Qb7 15.Bg5 h6
16.Bf4 g5 17.Be3 e6 18.Qd3 Rb6 19.Rb1 exd5 20.exd5 Ne8 21.Bd2 Ndf6 22.b3 Nc7
23.Rd1 Ncxd5 24.Nxd5 Nxd5 25.Ba5 Nb4 26.Bxb4 cxb4 27.Kh2 Qa6 28.h4 Qxd3 29.Rxd3 gxh4
30.Nxh4 Ra8 31.Nf5 Rba6 32.Re4 Rxa2 33.Rf3 Bf8 34.Rxb4 R2a7 35.Rg4+ Kh7 36.Ne3 Bg7
37.Nd5 Re8 38.Kg2 Re5 39.Rd3  1/2-1/2

[Event "World op"]
[Site "Philadelphia"]
[Date "1995.??.??"]
[Round "1"]
[White "Sherman, David"]
[Black "Goldin, Alexander"]
[Result "0-1"]
[WhiteElo "2185"]
[BlackElo "2580"]

1.Nf3 Nf6 2.c4 c5 3.Nc3 b6 4.g3 Bb7 5.Bg2 g6 6.O-O Bg7 7.b3 O-O 8.Bb2 Na6
9.Rc1 d5 10.Nxd5 Nxd5 11.Bxg7 Kxg7 12.cxd5 Qxd5 13.d3 e5 14.Qd2 Qd6 15.Qb2 f6
16.Rfd1 Rad8 17.Rd2 Rd7 18.Rcd1 Rfd8 19.Kf1 Nc7 20.Kg1 Ne6 21.Kf1 h5 22.h4 Kh7
23.Kg1 Rg8 24.b4 cxb4 25.Rb1 a5 26.a3 Bxf3 27.Bxf3 f5 28.Rdd1 Nd4 29.axb4 a4
30.b5 a3 31.Qa2 f4 32.Bc6 Ra7 33.e3 fxe3 34.fxe3 Nxc6 35.bxc6 Qxc6 36.Rf1 Qd6
37.Kg2 Qxd3 38.Rxb6 Qxe3 39.Rbf6 Rgg7 40.R6f3 Qc5 41.Re1 Rgc7 42.Re2 Qc4
43.Rfe3 Ra5 44.Rd2  0-1

[Event "World op"]
[Site "Philadelphia"]
[Date "1995.??.??"]
[Round "2"]
[White "Goldin, Alexander"]
[Black "Rogers, Norman"]
[Result "1-0"]
[WhiteElo "2585"]
[BlackElo "2260"]

1.d4 Nf6 2.c4 g6 3.g3 Bg7 4.Bg2 O-O 5.Nc3 d6 6.Nf3 Nbd7 7.O-O e5 8.e4 c6
9.h3 Re8 10.Re1 a5 11.Be3 exd4 12.Nxd4 Nc5 13.Qc2 Qe7 14.Rad1 Bd7 15.Bf4 Rad8
16.Nb3 Bc8 17.Nxa5 h5 18.b4 Ne6 19.Be3 Qc7 20.Nb3 h4 21.g4 Nd7 22.f4 g5 23.fxg5 Ne5
24.Ne2 Qe7 25.Qc1 c5 26.Nc3 b6 27.Nd5 Qa7 28.Qc2 Bb7 29.Nf6+ Bxf6 30.gxf6 Qa4
31.Rb1 Ra8 32.Re2 Rac8 33.bxc5 dxc5 34.Rc1 Ba6 35.Nd2 Qd7 36.Qc3 Nd4 37.Rf2 Nd3
38.Nb3 Nxc1 39.Bxd4 Nxb3 40.Qe3 Kh7 41.Qg5  1-0

[Event "World op"]
[Site "Philadelphia"]
[Date "1995.??.??"]
[Round "4"]
[White "Goldin, Alexander"]
[Black "Kaufman, Larry C"]
[Result "1-0"]
[WhiteElo "2585"]
[BlackElo "2430"]

1.d4 d5 2.c4 c6 3.Nf3 Nf6 4.Nc3 dxc4 5.a4 Bf5 6.e3 e6 7.Bxc4 Bb4 8.O-O Nbd7
9.Qe2 Bg6 10.e4 O-O 11.Bd3 Re8 12.e5 Nd5 13.Bxg6 hxg6 14.Ne4 a5 15.Rd1 Qb6
16.Nfg5 f5 17.exf6 gxf6 18.Nf3 Kg7 19.Nh4 Rh8 20.g3 Rae8 21.Bd2 Be7 22.Nc3 Bd8
23.Nxd5 exd5 24.Qg4 Nf8 25.Re1 Rxe1+ 26.Rxe1 Qc7 27.Re8 Kf7 28.Bf4 Qb6 29.Rxf8+ Rxf8
30.Qxg6+ Ke7 31.Qg7+ Rf7 32.Ng6+ Ke6 33.Qg8 Qxb2 34.Qe8+ Re7 35.Nf8+  1-0

[Event "World op"]
[Site "Philadelphia"]
[Date "1995.??.??"]
[Round "5"]
[White "Garcia, Gildardo"]
[Black "Goldin, Alexander"]
[Result "1-0"]
[WhiteElo "2540"]
[BlackElo "2585"]

1.e4 e5 2.Nf3 Nc6 3.Bb5 a6 4.Ba4 Nf6 5.O-O Be7 6.Re1 b5 7.Bb3 d6 8.c3 O-O
9.h3 h6 10.d4 Re8 11.Nbd2 Bf8 12.Nf1 Bd7 13.Ng3 Na5 14.Bc2 c5 15.dxe5 dxe5
16.Nh2 c4 17.Qf3 Nb7 18.Be3 Bc5 19.Nhf1 Qb6 20.Rad1 Rad8 21.Bc1 Bf8 22.Ne3 Nc5
23.Nef5 Nh7 24.h4 Bc8 25.Ne3 Qf6 26.Ngf5 Bxf5 27.Nxf5 Qe6 28.g3 Nf6 29.Kg2 a5
30.a3 Qc6 31.g4 Nh7 32.Rh1 Qg6 33.Rh3 Qe6 34.Kg3 Qc6 35.Rxd8 Rxd8 36.Rh1 Qb6
37.Ne3 Nf6 38.Nd5 Nxd5 39.exd5 Re8 40.Be3  1-0

[Event "World op"]
[Site "Philadelphia"]
[Date "1995.??.??"]
[Round "7"]
[White "Remlinger, Larry"]
[Black "Goldin, Alexander"]
[Result "0-1"]
[WhiteElo "2465"]
[BlackElo "2580"]

1.d4 Nf6 2.c4 e6 3.Nc3 Bb4 4.Qc2 O-O 5.a3 Bxc3+ 6.Qxc3 b6 7.Bg5 c5 8.dxc5 bxc5
9.e3 d6 10.Bd3 Nbd7 11.Ne2 Qb6 12.O-O Rb8 13.Rab1 a5 14.b3 h6 15.Bh4 Ba6
16.Rfd1 Rfc8 17.Bg3 Ne8 18.Bc2 Ra8 19.Nf4 Ndf6 20.f3 Ra7 21.Rd2 Bb7 22.Kh1 e5
23.Ne2 Qc7 24.a4 e4 25.f4 d5 26.Rbd1 dxc4 27.bxc4 Bc6 28.f5 Qb6 29.Rb1 Qa6
30.Bb3 Rb7 31.Qc2 Ng4 32.Bf4 Nf2+ 33.Kg1 Nd3 34.Bg3 Bd7 35.Nc3 Bxf5 36.Nb5 Rd7
37.Rf1 Bg6 38.Qc3 Rcd8 39.Bd1 h5 40.Bh4 Rb8 41.g4 hxg4 42.Bxg4 Rdb7 43.Rg2 Qc6
44.Bg5 f6 45.Bh4 Ne5 46.Be2 Qe6 47.Qa3 Rc8 48.Be1 Bf7 49.Qa1 Rc6 50.Bc3 Nxc4
51.Bg4 Qe7 52.Qe1 Ne5 53.Bxe5 Qxe5 54.Qxa5 Bc4 55.Re1 Bxb5 56.axb5 Rcb6 57.Be2 Nd6
58.Qd2  0-1

[Event "World op"]
[Site "Philadelphia"]
[Date "1995.??.??"]
[Round "8"]
[White "Goldin, Alexander"]
[Black "Sevillano, Enrico"]
[Result "1-0"]
[WhiteElo "2585"]
[BlackElo "2440"]

1.d4 c5 2.d5 d6 3.e4 g6 4.Nc3 Bg7 5.h3 Na6 6.Nf3 Nc7 7.Be2 Nf6 8.a4 O-O 9.O-O Rb8
10.Bf4 Nd7 11.Qd2 Re8 12.Rab1 a6 13.b4 b5 14.axb5 axb5 15.Rfe1 Ba6 16.Bf1 Rb7
17.Rb3 Qc8 18.Reb1 Rd8 19.Qe3 Re8 20.bxc5 Nxc5 21.Rb4 Nd7 22.e5 e6 23.Bh6 Bh8
24.exd6 Nxd5 25.Nxd5 exd5 26.Qf4 Qc5 27.c4 dxc4 28.Bxc4 Ne5 29.Ba2 Nd3 30.Re4 Qxf2+
31.Kh1 Be5 32.Rxe5  1-0

[Event "Rishon Le Ziyyon YM"]
[Site "Rishon Le Ziyyon"]
[Date "1995.??.??"]
[Round "1"]
[White "Goldin, Alexander"]
[Black "Mikhalevski, Victor"]
[Result "0-1"]
[WhiteElo "2580"]
[BlackElo "2525"]

1.Nf3 Nf6 2.g3 g6 3.Bg2 Bg7 4.O-O O-O 5.d3 d5 6.Nbd2 Nc6 7.c3 a5 8.a4 h6
9.h3 e5 10.e4 dxe4 11.dxe4 Be6 12.Qe2 Nd7 13.b3 Re8 14.Nc4 Qc8 15.Kh2 Nc5
16.Ba3 Nxb3 17.Rab1 b5 18.axb5 a4 19.Rfd1 Nca5 20.Ncxe5 Kh7 21.Qc2 Nc4 22.Nxc4 Bxc4
23.Nd4 Nxd4 24.cxd4 Bb3 25.Rxb3 axb3 26.Qxb3 Qe6 27.Qxe6 fxe6 28.Bc5 Ra2
29.Kg1 Rc2 30.e5 Bxe5 31.Be4 Rc3 32.dxe5 Rxc5 33.Rd7+ Kh8 34.Bc6 Rc8 35.f4 g5
36.Kf2 gxf4 37.gxf4 Rc3 38.Re7 Rf8 39.Rxc7 Rxf4+ 40.Ke2 Rb4 41.Rc8+ Kg7 42.Rc7+ Kf8
43.Rc8+ Ke7 44.Rc7+ Kd8 45.Rd7+ Kc8 46.Kd2 Rxh3 47.Kc2 Rg3 48.Rd2 Kc7 49.Bd7 Rc4+
50.Kb2 Rc5  0-1

[Event "Rishon Le Ziyyon YM"]
[Site "Rishon Le Ziyyon"]
[Date "1995.??.??"]
[Round "2"]
[White "Goldin, Alexander"]
[Black "Liss, Eran"]
[Result "1/2-1/2"]
[WhiteElo "2580"]
[BlackElo "2465"]

1.d4 Nf6 2.c4 g6 3.g3 Bg7 4.Bg2 d5 5.cxd5 Nxd5 6.e4 Nb6 7.Ne2 e5 8.d5 O-O
9.O-O c6 10.Nbc3 cxd5 11.exd5 Bf5 12.Qb3 Na6 13.Be3 Rc8 14.Rfd1 Nc5 15.Bxc5 Rxc5
16.Qa3 Rc8 17.Qxa7 Nc4 18.b3 Nd6 19.Qe3 Bg4 20.Rac1 Qa5 21.Bf3 Bd7 22.Qd2 f5
23.Rc2 Rc7 24.Na4 Qxd2 25.Rdxd2 Rxc2 26.Rxc2 Bxa4 27.bxa4 Ra8 28.Nc3 e4 29.Bd1 Be5
30.Nb5 Kf8 31.Nxd6 Bxd6 32.Kg2 Be5 33.Rc4 Rd8 34.Bb3 Bd6 35.f3 exf3+ 36.Kxf3 Ke7
37.Rc1 Kd7 38.Bc4 Rc8 39.Bb5+ Kd8 40.Re1 Rc3+ 41.Kg2 Rc2+  1/2-1/2

[Event "Rishon Le Ziyyon YM"]
[Site "Rishon Le Ziyyon"]
[Date "1995.??.??"]
[Round "3"]
[White "Kogan, Artur"]
[Black "Goldin, Alexander"]
[Result "0-1"]
[WhiteElo "2465"]
[BlackElo "2580"]

1.e4 c5 2.Nc3 Nc6 3.g3 g6 4.Bg2 Bg7 5.d3 d6 6.Nf3 e6 7.Bg5 Nge7 8.Qd2 h6
9.Be3 Nd4 10.O-O Nec6 11.Nd1 Qa5 12.Qxa5 Nxf3+ 13.Bxf3 Nxa5 14.c3 Nc6 15.a4 Bd7
16.Bd2 O-O 17.Ne3 Rfd8 18.Rfd1 Be8 19.Bg2 Rac8 20.f4 Na5 21.Be1 h5 22.h3 Bh6
23.Ra3 b6 24.b4 cxb4 25.cxb4 Nc6 26.d4 e5 27.Nd5 Bf8 28.dxe5 dxe5 29.Rad3 Kh8
30.b5 Nd4 31.fxe5 Ne6 32.Bf2 Kg7 33.Nf6 Rxd3 34.Rxd3 Nc5 35.Rd4 Be7 36.Nd5 Bf8
37.g4 hxg4 38.hxg4 Bd7 39.Ne3 Be6 40.Bh4 Nd7 41.Rd1 Nxe5 42.g5 Bc5 43.Bf2 Bb3
44.Rb1 Bxa4 45.Nd5 Ng4 46.Bxc5 Rxc5 47.Bf1 Bc2 48.Rb4 Ne5 49.Kf2 Bxe4 50.Rxe4 Rxd5
51.Ke3 Nd7 52.Ra4 Rxg5 53.Rxa7 Rd5 54.Bg2 Rd6 55.Rb7 Kf6 56.Kf4 g5+ 57.Kg3 Rd3+
58.Kh2 Ke6 59.Bc6 f5 60.Bxd7+ Rxd7 61.Rxb6+ Ke5 62.Rc6 Rd2+ 63.Kg3 Rd3+ 64.Kf2 Rb3
65.b6 g4 66.Rg6 Kf4 67.Rc6 g3+ 68.Kg2 Rb2+ 69.Kg1 Kf3 70.Rc3+ Kg4 71.Rc6 f4
72.Kf1 f3 73.Rc4+ Kh3  0-1

[Event "Rishon Le Ziyyon YM"]
[Site "Rishon Le Ziyyon"]
[Date "1995.??.??"]
[Round "4"]
[White "Goldin, Alexander"]
[Black "Finkel, Alexander"]
[Result "1/2-1/2"]
[WhiteElo "2580"]
[BlackElo "2505"]

1.g3 e5 2.Bg2 d5 3.d3 Nf6 4.Nf3 Nbd7 5.O-O c6 6.Nbd2 Be7 7.e4 dxe4 8.dxe4 O-O
9.Qe2 Qc7 10.b3 b5 11.Bb2 a5 12.c4 a4 13.cxb5 cxb5 14.bxa4 Rxa4 15.Rfc1 Qb8
16.Rc2 Ba6 17.h3 Re8 18.Rb1 Bc5 19.Ba1 Qa7 20.Ne1 b4 21.Qf3 Bb7 22.Nd3 Rxa2
23.Rxa2 Qxa2 24.Qd1 Rd8 25.Qb3 Qxd2 26.Rd1 Qe2 27.Nxc5 Bd5 28.exd5 Nxc5 29.Qb1 b3
30.Re1 Qc2 31.Rc1 Qxb1 32.Rxb1 Nxd5 33.Bxe5 Nb4 34.Bf1 Nc6 35.Bc7 Rc8 36.Bb6 Nd4
37.Kg2 h6 38.Bc4 Ne4 39.Bxb3 Nd2 40.Bxd4 Nxb1 41.Be3 Nc3 42.h4 Ne4 43.Kf3 Nd6
44.Bd5 Nf5 45.Bf4 Nd4+ 46.Kg2 Ne6 47.Be3 Rd8 48.Bc4 Rc8 49.Bd5 Rc2 50.Be4 Rb2
51.Bd5 Kf8 52.Bc4 Ke7 53.Bxe6  1/2-1/2

[Event "Rishon Le Ziyyon YM"]
[Site "Rishon Le Ziyyon"]
[Date "1995.??.??"]
[Round "5"]
[White "Alterman, Boris"]
[Black "Goldin, Alexander"]
[Result "1/2-1/2"]
[WhiteElo "2575"]
[BlackElo "2580"]

1.d4 Nf6 2.c4 e6 3.Nc3 Bb4 4.Nf3 O-O 5.Bg5 h6 6.Bh4 d6 7.Rc1 Qe7 8.e3 e5
9.Be2 Bxc3+ 10.Rxc3 Bg4 11.h3  1/2-1/2

[Event "Rishon Le Ziyyon YM"]
[Site "Rishon Le Ziyyon"]
[Date "1995.??.??"]
[Round "6"]
[White "Goldin, Alexander"]
[Black "Shmuter, Leonid"]
[Result "1/2-1/2"]
[WhiteElo "2580"]
[BlackElo "2480"]

1.d4 Nf6 2.c4 g6 3.Nc3 d5 4.Bg5 Ne4 5.Bf4 Nxc3 6.bxc3 Bg7 7.e3 O-O 8.Nf3 c5
9.cxd5 cxd4 10.cxd4 Qxd5 11.Be2 Qa5+ 12.Qd2 Nc6 13.Qxa5 Nxa5 14.Bc7 Nc6 15.Rb1 b6
16.O-O Bb7 17.d5 Na5 18.Rfd1 Rac8 19.Rbc1 Bb2 20.Rc2 Ba3 21.Ne1 Bc6 22.Bxb6 axb6
23.dxc6 Rxc6 24.Bb5 Rxc2 25.Nxc2 Bd6 26.g3 Rc8 27.Nd4 Rc3 28.Kg2 Ra3 29.Rd2 Bb4
30.Rc2 Bc5 31.Ne2 Nb7 32.Bc4 e6  1/2-1/2

[Event "Rishon Le Ziyyon YM"]
[Site "Rishon Le Ziyyon"]
[Date "1995.??.??"]
[Round "7"]
[White "Davies, Nigel R"]
[Black "Goldin, Alexander"]
[Result "1-0"]
[WhiteElo "2530"]
[BlackElo "2580"]

1.Nf3 Nf6 2.c4 c6 3.Nc3 d6 4.g3 e5 5.Bg2 Be7 6.O-O O-O 7.d3 Nbd7 8.e4 Re8
9.h3 a6 10.Be3 b5 11.a3 Bb7 12.Nd2 Nf8 13.b4 Ne6 14.Nb3 Qd7 15.f4 exf4 16.gxf4 h6
17.Ra2 Qc7 18.Rc2 bxc4 19.dxc4 Bf8 20.Qd2 Rad8 21.Qf2 Qe7 22.Re2 Nd7 23.Bc1 Nc7
24.Rfe1 c5 25.Na5 Ba8 26.Nd5 Bxd5 27.cxd5 Qf6 28.Nc6 Rc8 29.Bb2 Qg6 30.Kh2 Nb6
31.bxc5 dxc5 32.Bf3 f5 33.Rg1 Qf7 34.Ne5 Rxe5 35.Bxe5 fxe4 36.Bxe4 Ncxd5
37.Qh4 Rc6 38.Reg2 Nf6 39.Bxc6  1-0

[Event "Rishon Le Ziyyon YM"]
[Site "Rishon Le Ziyyon"]
[Date "1995.??.??"]
[Round "8"]
[White "Goldin, Alexander"]
[Black "Oratovsky, Michael"]
[Result "1-0"]
[WhiteElo "2580"]
[BlackElo "2535"]

1.d4 Nf6 2.c4 d6 3.Nc3 Nbd7 4.e4 e5 5.Nf3 g6 6.Be2 Bg7 7.O-O O-O 8.Re1 Re8
9.Bf1 a6 10.Rb1 exd4 11.Nxd4 c6 12.Bg5 Ne5 13.Qd2 b5 14.cxb5 axb5 15.Nc2 Be6
16.b3 Qa5 17.Nd4 Bd7 18.b4 Qb6 19.f3 Nd5 20.Nxd5 cxd5 21.Be3 Qb7 22.exd5 Qxd5
23.Nxb5 Qxd2 24.Bxd2 Rxa2 25.Be3 Bxb5 26.Bxb5 Rb8 27.Bf1 Nc6 28.b5 Nd4 29.Bf2 Nc2
30.Red1 Na3 31.Rb3 Be5 32.b6 Nc2 33.g3 g5 34.Bc4 Ra4 35.Bd5 Nd4 36.Rbd3 Ra5
37.Rxd4 Bxd4 38.Rxd4 Rxb6 39.Be4 Rba6 40.Kg2 Kg7 41.Rb4 Re5 42.Rb7 Re6 43.Bd4+ Kf8
44.Bd5 Re7 45.Rb8+  1-0

[Event "Rishon Le Ziyyon YM"]
[Site "Rishon Le Ziyyon"]
[Date "1995.??.??"]
[Round "9"]
[White "Sutovskij, Emil"]
[Black "Goldin, Alexander"]
[Result "1/2-1/2"]
[WhiteElo "2530"]
[BlackElo "2580"]

1.e4 e5 2.Nf3 Nc6 3.Bc4 Bc5 4.c3 Nf6 5.d3 a6 6.Nbd2 O-O 7.h3 Ba7 8.O-O d6
9.Bb3 Ne7 10.Re1 Ng6 11.Nf1 h6 12.Ng3 Be6 13.d4 Qc8 14.Bc2 Re8 15.Be3 c5
16.Qd2 Qc7 17.d5 Bc8 18.Nf5 Bxf5 19.exf5 e4 20.Nh2 Nf8 21.Ng4 Qd8 22.Nxf6+ Qxf6
23.Bf4 Qxf5 24.Bxd6 c4 25.Qf4 Qxd5 26.Rad1 Qb5 27.Bxe4 Rad8 28.Ba3 Ne6 29.Qf5 Qxf5
30.Bxf5 Rxd1 31.Rxd1 g6 32.Bxe6 Rxe6 33.Kf1 Rf6 34.f3 b5 35.Rd8+ Kh7 36.Bd6 Bb6
37.Rd7 Kg8 38.f4 Re6 39.g4 Be3 40.Kg2 Bc1 41.b3 Re2+ 42.Kf1 Rxa2 43.bxc4 bxc4
44.Rc7 g5 45.f5 Bf4 46.Rc8+ Kh7 47.Be7 Be5 48.f6 Bxc3 49.Rf8 Bd4 50.Rxf7+ Kg8
51.Rf8+ Kh7 52.Rd8 Be3 53.Rc8 Rc2 54.Ke1 Kg6 55.Rg8+ Kf7 56.Rf8+ Ke6 57.Re8 Bf4
58.Bd8+ Kf7 59.Re7+ Kf8 60.Rd7 c3 61.Bb6 Bg3+ 62.Kd1 Rd2+ 63.Rxd2 cxd2 64.Kxd2 Kf7
65.Bd4 Bc7 66.Kd3 Bd8 67.Ke4 Bxf6 68.Bc5 a5 69.Kd5 Bc3 70.Kc4 Bb4 71.Bd4 Be7
72.Kb5 Bf6 73.Bc5 Bc3 74.Kc4 Bb4 75.Bd4 Ke8 76.Kb5 Kf7 77.Kc4  1/2-1/2